|
|
|
|
| LEADER |
00000nam a2200000 i 4500 |
| 001 |
1/55153 |
| 008 |
960429s1984 eng d |
| 035 |
|
|
|l 10027802
|
| 040 |
|
|
|a GR-MY-UA
|b gre
|e aacr
|
| 041 |
0 |
|
|a eng
|
| 082 |
0 |
|
|a 338.19
|
| 100 |
1 |
|
|a Γιωτόπουλος, Παναγιώτης Α.
|
| 245 |
1 |
0 |
|a Middle income classes and food crises :
|b the new food-feed competition
|
| 260 |
|
|
|a Athens :
|b ΚΕΠΕ,
|c 1984
|
| 300 |
|
|
|a 45 p.
|
| 490 |
1 |
|
|a Papers
|v ; 5
|
| 650 |
0 |
0 |
|a Famines.
|
| 650 |
0 |
0 |
|a Food supply.
|
| 650 |
0 |
0 |
|a Middle class.
|
| 830 |
|
0 |
|a Papers ;
|v ; 5
|
| 852 |
|
|
|a INST
|b CHIOS
|e 19960429
|h 338.19 ΓΙΟ
|p 005200005689
|q 005200005689
|t BK
|y 0
|
| 852 |
|
|
|a INST
|b CHIOS
|e 19981214
|h 338.19 ΓΙΟ
|p 005200015205
|q 005200015205
|t BK
|y 0
|
| 909 |
|
|
|a Χ
|b 000320
|
| 909 |
|
|
|a X
|b 055112
|
| 922 |
|
|
|a 2ΔΩΡ
|b 199812
|d ΛΕΜΟΝΙΑ
|